Hamilton Characters - no vowels - Statistics

General Stats
  • This quiz has been taken 49 times
  • The average score is 14 of 15
Answer Stats
Hint Answer % Correct
rn Brr Aaron Burr
100%
lxndr Hmltn Alexander Hamilton
100%
lz Hmltn Eliza Hamilton
100%
Grg Wshngtn George Washington
100%
Jms Mdsn James Madison
98%
Thms Jffrsn Thomas Jefferson
98%
nglc Schlr Angelica Schuyler
94%
Hrcls Mllgn Hercules Mulligan
94%
Jms Rnlds James Reynolds
92%
Phlp Hmltn Philip Hamilton
92%
Jhn Lrns John Laurens
90%
Pgg Schlr Peggy Schuyler
88%
Mr Rnlds Maria Reynolds
84%
Mrqs d Lftt Marquis de Lafayette
78%
Kng Grg King George III
71%
No matching quizzes found
Score Distribution
Percent of People with Each Score
Percentile by Number Answered
Your Score History
You have not taken this quiz